| 000 | 00754nam a2200217Ia 4500 | ||
|---|---|---|---|
| 999 |
_c39287 _d39287 |
||
| 001 | 5873 | ||
| 003 | GE_BSU | ||
| 005 | 20190912130500.0 | ||
| 008 | 181216s1959||||ge |||||||||||||| ||geo|| | ||
| 040 | _cGE_BSU | ||
| 041 | _ageo | ||
| 080 | _a821.353.1-32 | ||
| 100 |
_aავალიანი, ლ. _93958 |
||
| 245 |
_aსულოაგას ქუდი / _cლ. ავალიანი ; რედ. მ. ჭავჭანიძე. |
||
| 264 |
_aთბილისი : _bსაბლიტგამი ; _c1959. |
||
| 300 |
_a42 გვ. ; _c17 სმ. |
||
| 653 | _aსულოაგას ქუდი | ||
| 653 | _aნოველა | ||
| 700 |
_aჭავჭანიძე, მ. _eრედაქტორი _93970 |
||
| 942 |
_cBK _2udc |
||